000 01374 a2200217 4500
001 47675
005 20260407155743.0
008 260407a1977 arg spa d
003 AR-UNSa-BCEJYS
040 _aAR-UNSa-BCEJYS
_bspa
_cAR-UNSa-BCEJYS
080 _a330.1
_xCiencia económica. Conceptos fundamentales de teoría económica. Valor. Capital. Fondos
245 1 0 _aFundamentos de análisis económicos
250 _a4a. ed.
264 1 _aBuenos Aires :
_bEl Ateneo
_c1977
300 _a461 p.
_c23 cm.
505 _aPrimera Parte: 1. Introducción - 2. Sistemas de equilibrio y de estática comparativa - 3. Teoría de la "maximización" de la conducta - 4. Un replanteo comprensivo de la teoría del costo y de la producción - 5. Teoría pura de la conducta del consumidor - 6. Transformaciones, conjuntos de bienes y racionamiento - 7. Algunos aspectos especiales de la teoría de la conducta del consumidor - 8. Economía del bienestar -- Segunda Parte: 9. Estabilidad del equilibrio: estática comparativa y dinámica - 10. Estabilidad del equilibrio: sistemas lineales y no lineales - 11. Elementos fundamentales de la teoría dinámica - 12. Conclusión.
942 _cBK
590 _aniveau_biblio:m niveau_hierar:0
100 1 _aSamuelson, Paul A.
856 4 1 _uhttps://biblioeco.unsa.edu.ar/pmb/images/libros/L127639.jpg
_yImagen de portada
_qimage/jpeg
999 _c4438
_d4438